Synodorum oecomenicarum summa, in qua praeter uniuscuiusque Concilii historicam enarrationem, in medium etiam afferuntur canones universi, atque scholis quibusdam elucidantur

Detalles Bibliográficos
Otros Autores: Fernández y Larrea, Raimundo, ed
Formato: Libro
Lenguaje:Latin
Publicado: Barcinone : ex typographia Pauli Riera, 1849.
Edición:Editio altera, novis curis elaborata, correctior, et adaucta ad usum vespertinae canonum cathedrae per D. D. Raymundum Fernandez et Larrea praefatae cathedrae in Academia Pintiana antecessorem
Materias:
Colección:Banco de datos
Acervo:Seminario Conciliar de Nuestra Señora de Guadalupe Querétaro. Qro.. Biblioteca Florencio Rosas. Fondo Histórico
Descripción Física:440 p. ; 20 cm.
Tema general:Derecho eclesiástico
Concilios
Sínodos
Notas:Texto con signaturas y notas a pie de página. Encuadernación valenciana (11241-11242). Sello en tinta del Seminario Conciliar, Querétaro (11241). Testigo adherido en el verso de la tapa superior: timbre postal (11241)
LEADER 01218nam a22002170004500
035 |a 4466 
041 0 |a lat 
245 1 0 |a Synodorum oecomenicarum summa, in qua praeter uniuscuiusque Concilii historicam enarrationem, in medium etiam afferuntur canones universi, atque scholis quibusdam elucidantur 
250 |a Editio altera, novis curis elaborata, correctior, et adaucta ad usum vespertinae canonum cathedrae per D. D. Raymundum Fernandez et Larrea praefatae cathedrae in Academia Pintiana antecessorem 
260 |a Barcinone : ex typographia Pauli Riera, 1849. 
300 |a 440 p. ; 20 cm. 
500 |a Texto con signaturas y notas a pie de página. Encuadernación valenciana (11241-11242). Sello en tinta del Seminario Conciliar, Querétaro (11241). Testigo adherido en el verso de la tapa superior: timbre postal (11241) 
504 |a Incluye índice de contenido 
650 1 0 |a Derecho eclesiástico 
650 1 0 |a Concilios 
650 1 0 |a Sínodos 
700 1 |a Fernández y Larrea, Raimundo, ed. 
949 |a Fondo Histórico: 11241, 11242 
942 |c Q.R.H.T 
943 |g Seminario Conciliar de Nuestra Señora de Guadalupe Querétaro. Qro.. Biblioteca Florencio Rosas. Fondo Histórico 
999 |c 1085921  |d 1085921